000 00894nam a22002417a 4500
001 BRCA_9339
003 FranzMayer
005 20230918121028.0
008 230825b |||||||| |||| 00| 0 eng d
040 _aMFM
_bespañol
_cMFM
050 0 _aN7432.7
_b.S67 2006
100 1 _4Autor
_aSosabravo, Alfredo
_929206
240 _aL'epifania del colore
_hla epifanía del color
_lespañol/italiano
245 0 _aL'epifania del colore
_bla epifanía del color
260 _aMadrid, España
_bInstituo italo-latino americano
_c2006
300 _a55 p
_bIlustraciones a color
_c29 cm
500 _aAnexo 1
500 _aEl libro contiene una dedicatoria del auto para el museo
505 _aTexto en: español e italianoIncluye índice temáticoDirigido a: artistas, críticos del arte.
650 1 _2Artes visuales
_aTécnicas
_vColor
_929207
651 2 _2Color en el arte
942 _2lcc
_cB
999 _c10961
_d10961